Normal view
MARC view
Entry Topical Term
001 - CONTROL NUMBER
- control field: 54917
003 - CONTROL NUMBER IDENTIFIER
- control field: OSt
005 - DATE AND TIME OF LATEST TRANSACTION
- control field: 20241007133415.0
008 - FIXED-LENGTH DATA ELEMENTS
- fixed length control field: 241007|| aca||aabn | a|a d
040 ## - CATALOGING SOURCE
- Original cataloging agency: OSt
- Transcribing agency: OSt
150 ## - HEADING--TOPICAL TERM
- Topical term or geographic name entry element: ဗုဒ္ဓဂယာ
- General subdivision: လမ်းညွှန်
670 ## - SOURCE DATA FOUND
- Source citation: Work cat.: (OSt)16800: ဂမ္ီရဗုဒ္ဓိ၊ အရှင်၊ ဗာရာဏသီ- 54916, ဗုဒ္ဓဋ္ဌာနလမ်းညွှန်မြေပုံများ /, [ခုနှစ်မပါ]